banner koha

Efeitos do lodo de esgoto na distribuicao radicular e nos teores de metais pesados em cana de acucar (Registro n. 288515)

MARC details
000 -LÍDER
campo de controle de tamanho fixo 01220nac a22003857a 4500
001 - NÚMERO DE CONTROLE
campo de controle BR9705639
003 - IDENTIFICADOR DO NÚMERO DE CONTROLE
campo de controle BR-BrBNA
005 - DATA E HORÁRIO DA ÚLTIMA TRANSAÇÃO
campo de controle 20240105121954.0
008 - CAMPO DE DADOS FIXOS--INFORMAÇÃO GERAL
campo de controle de tamanho fixo 230509b bl.|||m| |||| 00| 0 por d
040 ## - FONTE DA CATALOGAÇÃO
Instituição da catalogação original BR-BrBNA
Idioma da catalogação por
Instituição que transcreveu o registro Biblioteca Nacional de Agricultura
072 ## - CÓDIGO DE CATEGORIA DE ASSUNTO
Código de Categoria de Assunto P33
090 ## - NÚMERO DE CHAMADA LOCAL
Número de chamada 0230 BR9705639
100 1# - ENTRADA PRINCIPAL--NOME PESSOAL
Nome pessoal Silva, F.C. da
100 1# - ENTRADA PRINCIPAL--NOME PESSOAL
Nome pessoal Fonte Junior, L.
100 1# - ENTRADA PRINCIPAL--NOME PESSOAL
Nome pessoal Rodrigues, J.A.
100 1# - ENTRADA PRINCIPAL--NOME PESSOAL
Nome pessoal Pilotto, J.E.
100 1# - ENTRADA PRINCIPAL--NOME PESSOAL
Nome pessoal Boaretto, A.E.
100 1# - ENTRADA PRINCIPAL--NOME PESSOAL
Nome pessoal Oliveira, J.C.M. de
100 1# - ENTRADA PRINCIPAL--NOME PESSOAL
Nome pessoal Berton, R.S.
100 1# - ENTRADA PRINCIPAL--NOME PESSOAL
Nome pessoal Zotelli, H.B.
110 1# - ENTRADA PRINCIPAL--NOME CORPORATIVO
Nome corporativo ou nome da jurisdição Centro Nacional de Pesquisa de Solos, Rio de Janeiro, RJ (Brasil)
9 (RLIN) 1803
245 1# - TÍTULO
Título Efeitos do lodo de esgoto na distribuicao radicular e nos teores de metais pesados em cana de acucar
260 3# - PUBLICAÇÃO, DISTRIBUIÇÃO, ETC.
Local de publicação, distribuição, etc. Rio de janeiro, RJ (Brasil):
Data da publicação, distribuição, etc. 1997.
300 ## - DESCRIÇÃO FÍSICA
Extensão 12 p.
490 ## - TÍTULO DA SÉRIE
Título da série Pesquisa em Andamento - Centro Nacional de Pesquisa de Solos (Brazil)
Número do volume ou designação sequencial da série no. 2
ISSN - International Standard Serial Number
500 ## - NOTA GERAL
Nota geral 10 ref.; 7 tables
650 ## - ASSUNTO--TERMO TÓPICO
Cabeçalho tópico ou nome geográfico Cana de Acucar
650 ## - ASSUNTO--TERMO TÓPICO
Cabeçalho tópico ou nome geográfico Raiz
650 ## - ASSUNTO--TERMO TÓPICO
Cabeçalho tópico ou nome geográfico Metal Pesado
650 ## - ASSUNTO--TERMO TÓPICO
Cabeçalho tópico ou nome geográfico Rede de Esgoto
650 ## - ASSUNTO--TERMO TÓPICO
Cabeçalho tópico ou nome geográfico Fertilidade do Solo
650 ## - ASSUNTO--TERMO TÓPICO
Cabeçalho tópico ou nome geográfico Quimica do Solo
909 ## -
-- 202312
-- Lúcia Elande
-- 55
-- Lúcia Elande
942 ## - ELEMENTOS DE ENTRADA ADICIONADOS (KOHA)
Fonte da classificação ou esquema de arquivamento na estante Classificação AGRIS
Ocultar no OPAC Não
Tipo de material Koha Monografia Seriada
Exemplares
Situação do descarte Fonte da classificação ou esquema de arquivamento na estante Situação física Não pode ser emprestado Coleção Biblioteca de origem Biblioteca atual Localização na estante Total de empréstimos Número de telefone completo Código de barras Data de último acesso Tipo de material Koha Fonte de aquisição
  Classificação AGRIS       Biblioteca Nacional de Agricultura - Binagri Biblioteca Nacional de Agricultura - Binagri Agrobase - Acervo Geral   0230 BR9705639 0230 BR9705639 18/12/2023 Monografia Seriada Portaria Interministerial nº 164/94

BINAGRI

Telefone: (61)3218-2567/2388/3357/2097 - binagri@agro.gov.br

Ministério da Agricultura e Pecuária , Esplanada dos Ministérios, Bloco D, Anexo B, Brasília/DF, CEP: 70.043-900